000 00825nam a2200217 a 4500
005 20251001141610.0
008 991125d2000 pe tr p 000 spa d
035 _aUPN01000086388
040 _aMX-MxUPN
_bspa
_cMX-MxUPN
_eaacr
100 1 _aUbilla, Pilar
245 1 _aMaestría de educación popular un espacio de formación y creación de conocimientos
530 _aDisponible también en versión electrónica
650 2 _aEducación popular
_99081
650 0 4 _aEducadores
_916283
773 _gNo. 17 (2000), p. 38-45
_tLa piragua : revista latinoamericana y caribeña de educación y política
_x2073-0810
856 4 _uhttps://biblioteca.isauroarancibia.org.ar/wp-content/uploads/2020/11/LA-PIRAGUA-17.pdf
902 _bLeonor Sotres/011025
904 _aAC
_b024199
905 _aArticulo
942 _cART
999 _c72305
_d72305